Statistiques concernant Musiques de Laylow

Cliquez ici pour prendre le quiz!

Statistiques générales

  • Ce quiz a été pris 389 fois
  • Le résultat moyen est 29 sur 69

Statistiques - réponses

TrackRéponse% Correct
20.UNE HISTOIRE ÊTRANGE
77%
10.10'
76%
14.SPECIAL
70%
2.MEGATRON
67%
3.IVERSON
66%
6.R9R-LINE
64%
8.TRINITYVILLE
63%
9.Vent de l'est
60%
4.WINDOW SHOPPER PART. 1
59%
8.WINDOW SHOPPER PART. 2
59%
16....DE BATARD
58%
22.LOGICIEL TRISTE
58%
3.Maladresse
58%
17.HELP !!!
57%
5.PLUG
57%
1..RAW
55%
12.BURNING MAN
54%
3.DEHORS DANS LA NIGHT
54%
1.Hello .RAW-Z
54%
18.POIZON
54%
1.UN RÊVE ÉTRANGE
54%
12.QUE LA PLUIE
53%
9.STUNTMEN
53%
20.MILLION FLOWERZ
52%
19.NAKRé
51%
11.VOIR LE MONDE BRÛLER
51%
6.Digitalova
49%
15.LOST FOREST
49%
19.FALLEN ANGELS
48%
1.Mercy
48%
4.HILLZ
46%
10.Swish
45%
7.Y2
45%
10.VAMONOS
43%
14.LONGUE VIE...
42%
3.Gogo
40%
11.AKANIZER
39%
10.Avenue
39%
7.PIRANHA BABY
39%
4.Prince de sang-mêlé
38%
1.Bionic
37%
4.Pk tu m'intéresse
36%
4.Villa sur la côte
35%
7.Bruit de couloir
34%
4.Division Rouge
34%
3.Elephant
34%
2.Oto
34%
6.Amy
32%
5.Médaille
31%
2.Ciudad
30%
5.Visa
30%
8.I Don't : Need U / Know
29%
7.Lime
29%
6.No Love [Oh Na]
29%
7.Bad Romance
28%
15.Mieux vaut pas regarder, Pt. 2
27%
9.Wavy
27%
2.Ignore
26%
8.Draxter
24%
9.Hi-Fi
24%
2.Z-machine
24%
5.Enlève le shirt
23%
10.Malentendu
23%
6.Action Men
21%
8.Digital Vice City
21%
8.Promi
19%
3.Amor
18%
9.Gtmotors
18%
5.Toyotarola
18%

Distribution des résultats

Percentile par nombre de réponses

% des personnes avec chaque résultat

Votre développement - résultats

Vous n’avez pas pris ce quiz